| 000 | 00713nam a2200229 a 4500 | ||
|---|---|---|---|
| 999 |
_c6325 _d6325 |
||
| 001 | 6325 | ||
| 003 | BD-JhCC | ||
| 005 | 20180121173746.0 | ||
| 008 | 180121s2000 mul |||| ||a| 000 0 mul d | ||
| 020 | _a9844101999 | ||
| 035 | _a(BD-JhCC)6325 | ||
| 040 |
_aBD-JhCC _dBD-JhCC |
||
| 041 | _amul | ||
| 082 |
_a297.65 _bHAS 200 |
||
| 100 | _aহাসান, ড. সৈয়দ মাহমুদুল | ||
| 245 |
_aমুসলিম স্হাপত্য / _cড. সৈয়দ মাহমুদুল হাসান |
||
| 260 |
_aঢাকা : _bমাওলা ব্রাদার্স, _c২০০০. |
||
| 300 |
_a390 p . : _c21 cm. |
||
| 650 | _aMosque | ||
| 942 |
_2ddc _cBK |
||